• 首页
  • 本馆介绍
  • 公告通知
  • 最新文献
  • 馆藏检索
  • 电子资源
  • 读者导购
  • 参考咨询
  • 我的图书馆
  • 登录
  • 详细信息显示
  • 放入我的书架
  • 预约/预借图书
  • 作者相关作品
  • 分类相关作品
  • 丛书相关作品
  • 出版社相关作品

书目信息

  • 表格格式
  • 工作单格式
  • 卡片格式
题名:
狗的秘密
    
 
作者: 布莱德肖 著 ;雷倩萍 译
分册:  
出版信息: 北京   中国友谊出版公司  2017.01
页数: 335页
开本: 21cm
丛书名:
单 册:
中图分类: S829.24-49
科图分类:
主题词: 犬--驯养--普及读物
电子资源:
ISBN: 978-7-5057-3976-5
000 01163nam0 2200277 450
001 5118
005 20181014103933.94
010    @a978-7-5057-3976-5@dCNY39.80
100    @a20180315d2017 em y0chiy50 ea
101 1  @achi@ceng
102    @aCN@b110000
105    @ay z 000yy
200 1  @a狗的秘密@9gou de mi mi@dDog sense@e教你如何与你的宠物成为好朋友@f(英)约翰·布莱德肖(John Bradshaw)著@g雷倩萍译@zeng
210    @a北京@c中国友谊出版公司@d2017.01
215    @a335页@d21cm
300    @a汪星人完全指南
314    @a约翰·布莱德肖 (John Bradshaw),男,是知名的人与动物关系学专家。以布里斯托尔大学为基地,创立和主持了世界闻名的人与动物关系学研究所。
330    @a本书内容包括:家犬的起源、狼到犬的演变过程、为何狗会不幸地重回狼的队伍、棍棒还是奖励?话说科学训犬、小狗如何变为宠物等。
510 1  @aDog sense@zeng
517 1  @a教你如何与你的宠物成为好朋友@9jiao ni ru he yu ni de chong wu cheng wei hao peng you
606 0  @a犬@x驯养@j普及读物
690    @aS829.24-49@v5
701  0 @c(英)@a布莱德肖@9bu lai de xiao@c(Bradshaw, John)@4著
702  0 @a雷倩萍@9lei qian ping@4译
801  0 @aCN@b91MARC@c20180315
905    @aMuseLib@dS829.24-49@e179
    
    狗的秘密=Dog sense:教你如何与你的宠物成为好朋友/(英)约翰·布莱德肖(John Bradshaw)著/雷倩萍译.-北京:中国友谊出版公司,2017.01
    335页;21cm
    汪星人完全指南
    
    ISBN 978-7-5057-3976-5:CNY39.80
    本书内容包括:家犬的起源、狼到犬的演变过程、为何狗会不幸地重回狼的队伍、棍棒还是奖励?话说科学训犬、小狗如何变为宠物等。
●
相关链接 在E读中查询图书 在五车中查询图书 在当当中查询图书 在豆瓣中查询图书


正题名:狗的秘密     索取号:S829.24-49/179         预约/预借

序号 登录号 条形码 馆藏地/架位号 状态 备注
1 1128214   211282146   第二样本阅览室/ [索取号:S829.24-49/179] 在馆    
2 1128215   211282155   第三借阅区/ [索取号:S829.24-49/179] 在馆    
3 1128216   211282164   密集书库-生命科学系/ [索取号:S829.24-49/179] 在馆    
4 1128217   211282173   第三借阅区/ [索取号:S829.24-49/179] 在馆    
5 1128218   211282182   第三借阅区/ [索取号:S829.24-49/179] 在馆    
唐山师范学院图书馆 欢迎您!
大连网信软件有限公司© 版权所有